|
|
|
|
| LEADER |
00897cam a2200253 7i4500 |
| 001 |
0000064995 |
| 005 |
20211227090000.0 |
| 020 |
|
|
|a 9780199551286 (electronic book)
|
| 090 |
0 |
0 |
|a R853.S7
|b P46 2011
|
| 100 |
1 |
|
|a Peacock, Janet L
|
| 245 |
1 |
0 |
|a Oxford handbook of medical statistics
|c Janet L. Peacock, Philip J. Peacock.
|
| 264 |
|
|
|a Oxford:
|b Oxford University Press,
|c 2011.
|
| 300 |
|
|
|a 1 online resource (xix, 517 pages):
|b illustrations, text file, PDF.
|
| 336 |
|
|
|a text
|2 rdacontent
|
| 337 |
|
|
|a computer
|2 rdamedia
|
| 338 |
|
|
|a online resource
|2 rdacarrier
|
| 490 |
0 |
|
|a Oxford medical publications
|
| 650 |
|
0 |
|a Medical statistics
|
| 655 |
|
0 |
|a Electronic books
|
| 700 |
1 |
|
|a Peacock, Philip J.
|
| 856 |
4 |
2 |
|u http://library.unisel.edu.my/web/guest/mylibrary
|
| 997 |
|
|
|a Health Sciences, Faculty
|
| 998 |
|
|
|a Nursing, Diploma
|
| 999 |
|
|
|a EBO0009616
|b EBOOK
|c EBOOK
|e Electronic resources
|